The story of my experiments with truth / (Record no. 168490)

MARC details
000 -LEADER
fixed length control field 00543nam a22001817a 4500
005 - DATE AND TIME OF LATEST TRANSACTION
control field 20191010174858.0
010 ## - LCCN (DPL NO)
LC control number ENG-126646
020 ## - INTERNATIONAL STANDARD BOOK NUMBER
International Standard Book Number 9789380816807
Terms of availability 195.00
035 ## - SYSTEM CONTROL NUMBER
System control number EN-110178
037 ## - SOURCE OF ACQUISITION
Source of stock number/acquisition DBAD/PUB
082 ## - DEWEY DECIMAL CLASSIFICATION NUMBER
Classification number 921
100 ## - MAIN ENTRY--PERSONAL NAME
Personal name Mahatma Gandhi
245 ## - TITLE STATEMENT
Title The story of my experiments with truth /
Statement of responsibility, etc by Mahatma Gandhi
260 ## - PUBLICATION, DISTRIBUTION, ETC. (IMPRINT)
Place of publication, distribution, etc Noida
Name of publisher, distributor, etc Maple Press
Date of publication, distribution, etc 2012
270 ## - ADDRESS
Address A-63, Sector 58
City Noida, U.P.
Postal code 201301
Telephone number 4553583
Electronic mail address info@maplepress.co.in
300 ## - PHYSICAL DESCRIPTION
Extent 396p.
Dimensions 22cm(pbk)
942 ## - ADDED ENTRY ELEMENTS (KOHA)
Source of classification or shelving scheme Dewey Decimal Classification
Item type English Books
Classification part 921
Call number suffix THE
Holdings
Withdrawn status Lost status Not for loan Collection code Home library Current library Date acquired Source of acquisition Cost, normal purchase price Full call number Barcode Copy number Cost, replacement price Koha item type
      Non-fiction Central Library Central Library 10/10/2019 DBAD/PUB 195.00 921 THE EN-110178 1 1195.00 English Books

© Delhi Public Library
Hit Counter
free hit counter